000 01390cad a22002775a 4500
008 180904t2016 xxk g 000 0 eng d
041 0 _aeng
110 _aRoyal Institution of Chartered Surveyors
_94900
245 0 4 _aThe future of policy and standards for low and zero carbon homes
_h[electronic resource]
260 _aLondon
_bRICS
_c2016
300 _a60p.
490 0 _aRICS Research
520 _aThis project evaluates policy and standards for promoting the delivery of low and zero carbon (LZC) new homes in England, in the context of the 2012 Housing Standards Review and the recently withdrawn 2016 zero carbon target. The low/zero carbon homes agenda was launched by the Labour Government in 2006 with the aim of establishing ‘performance orientated’ policy tools, including a complementary mix of mandatory national regulations, voluntary and quasi-voluntary standards
650 _aHOUSING STANDARDS
650 _aNET ZERO
651 4 _aUnited Kingdom
690 _aResidential property
_96266
690 _aBuilt Environment
_96307
700 1 _aGreenwood, Dan
700 1 _aCongreve, Alina
700 1 _aKing, Martin
700 1 _aEriksson, Clare
700 1 _aArnold, Amanprit
856 4 0 _uhttp://www.propertyresearchtrust.org/uploads/1/3/4/8/134819607/planning_tools_for_peri-urban_food.pdf
_zView via the Property Research Trust
942 _n0
_2ddc
999 _c121753
_d121753